000 00970cam a2200289 4500
001 2670297
003 ARRUPE
005 20150910102146.0
008 740529s1974 ne b 000 0 eng
010 _a 73083557
015 _aNe***
020 _a9027703914
020 _a9027703779 (pbk.)
040 _aDLC
_cDLC
_dDLC
050 0 0 _aSPCH.3 C678 1974
082 0 0 _a501 s
_a530.1
245 0 0 _aLogical and epistemological studies in contemporary physics.
_cEdited by Robert S. Cohen and Marx W. Wartofsky.
260 _aDordrecht, Holland,
_aBoston,
_bD. Reidel Pub. Co.
_c[1974]
300 _aviii, 462 p.
_c23 cm.
440 0 _aBoston studies in the philosophy of science,
_vv. 13
_919656
490 0 _aSynthese library
650 0 _aPhysics
_xPhilosophy
_vCongresses.
_919657
700 1 _aCohen, R. S.
_q(Robert Sonné)
_914125
_eed.
700 1 _aWartofsky, Marx W.
_914126
_eed.
906 _a7
_bcbc
_corignew
_d2
_eopcn
_f19
_gy-gencatlg
942 _2lcc
_cSPC
999 _c123346
_d123346